| 000 | 00714cam a2200241 4500 | ||
|---|---|---|---|
| 999 |
_c511 _d511 |
||
| 003 | OSt | ||
| 005 | 20210615061922.0 | ||
| 008 | 210615b ||||| |||| 00| 0 eng d | ||
| 040 | _cALUPE UNIVERSITY | ||
| 050 |
_aHD4901 _b.M36 1972 |
||
| 100 | 1 |
_aPurvine, Margaret _ecomp. |
|
| 245 | 1 | 0 |
_aManpower and employment; _ba source book for social workers. _cEdited by Margaret Purvine. |
| 260 |
_aNew York, _bCouncil on Social Work Education _c[1972] |
||
| 300 |
_avi, 285 p. _c25 cm. |
||
| 500 | _aErrata leaf inserted. | ||
| 504 | _aBibliography: p. 271-285. | ||
| 650 | 0 | _aLabor movement. | |
| 650 | 0 | _aLabor supply. | |
| 650 | 0 | _aManpower policy. | |
| 930 | 1 | _hHD4901 | |
| 930 | 1 | _hHD4901 | |
| 942 |
_2lcc _cBK _nIO |
||